000 00967nam a2200301 4500
003 EC-UNACH
005 20251021141905.0
006 s||||gr|||| 00| 00
008 150116t9999 mx r gr 000 0 spa d
020 _a978-607-17-0679-9
040 _aEC-UNACH
_cEC-UNACH
041 _aspa
082 0 4 _223
_a338.479
_bL012917
110 _aTrillas
245 _aTurismo y Ambiente
250 _aPrimera edición
264 _aMexico
_bTrillas
_c2011
300 _a79
505 _aParte 1- La actividad turística y el patrimonio natural Parte 2- La actividad turística y su efecto en el patrimonio cultural Parte 3- El eco desarrollo una opción para el turismo
650 _aLa actividad turística
650 _aConcepto del patrimonio cultural
650 _aturismo y ecodesarrollo
700 _aLuis Casasola
942 _2ddc
_c1
999 _c14054